| 000 | 00495 a2200217 4500 | ||
|---|---|---|---|
| 260 | _aParis | ||
| 630 | _a33 - Economie - Economie politique | ||
| 650 | _a3 - SCIENCES SOCIALES | ||
| 100 | _aFourastié, J. | ||
| 260 | _bDalloz économie | ||
| 245 | _a40 ans de recherche | ||
| 300 | _a165p | ||
| 650 | _aFourastié, Jean : recherche : économie | ||
| 260 | _c1978 | ||
| 300 | _b23cm | ||
| 100 | _lFr | ||
| 037 | _aDE 1798 | ||
| 020 | _a2-247-00913-1 | ||
| 999 |
_c44850 _d44850 |
||